Statistics for Doctor Who, 9th Doctor

Click here to take the quiz!

General Stats

  • This quiz has been taken 876 times
  • The average score is 10 of 15

Answer Stats

HintAnswer% Correct
Lady Cassandra is the last what?pure human
95%
What kills Rose's father?a car
94%
"Everybody _____, Rose. Just this once, everybody _____."lives
85%
"Lots of planets have a _____."North
83%
What did the Doctor give as a peace offering on Platform One?air from his lungs
73%
Who does the Doctor assign to hacking government websites in order to launch a missile at 10 Downing Street?Mickey
72%
Which creature ends its life shortly after expressing a desire to feel sunlight?Dalek
67%
In the episode "Boom Town," Margaret Blaine looks into the heart of the TARDIS and is turned into what?an egg
63%
Which floor on Satellite Five in "The Long Game" is rumored to have walls of gold?floor 500
61%
In which city did the Doctor and Rose meet the Gelth?Cardiff
60%
"Nice to meet you, Rose. ___ ___ ____ ____."Run for your life
53%
The Doctor meets "Lynda with a Y" in a Big Brother house and compliments her by saying she is _____.sweet
45%
What heals the gas mask victims and makes them human again?nanogenes
43%
What is the name of the little boy who asks, "Are you my mummy?"Jamie
37%
"And if you wanna remember me, then you can do one thing. That's all, one thing. ____ _ ____ ____."Have a good life
30%

Score Distribution

Percentile by Number Answered

Percent of People with Each Score

Your Score History

You have not taken this quiz